|
|
|
|
| LEADER |
01469nam a2200397 a 4500 |
| 001 |
000008316 |
| 003 |
CZ BrMZK |
| 005 |
20250821082658.0 |
| 007 |
ta |
| 008 |
940405s1994 xr e c 000 deng d |
| 020 |
|
|
|c 15.00
|
| 040 |
|
|
|a BOA001
|b cze
|
| 043 |
|
|
|a e-xr---
|
| 045 |
|
|
|a w9x1
|
| 072 |
|
7 |
|a 72/76
|x Výtvarné umění
|2 Konspekt
|9 21
|
| 080 |
|
|
|a 72/76(437.3)
|2 MRF
|
| 080 |
|
|
|a 7.036/.038
|2 MRF
|
| 080 |
|
|
|a (437.3)
|2 MRF
|
| 080 |
|
|
|a (083.824)
|2 MRF
|
| 100 |
1 |
|
|a Vlček, Tomáš,
|d 1941-
|7 jk01150130
|
| 245 |
1 |
4 |
|a The Past Future :
|b Czech Modern Style 1890 - 1918 : [A Catalogue of an Exhibition] : The Prague Castle Riding-School, Mar[ch] 3-May<< >>22, 1994 /
|c Exhibit. concept: ..., Cathrin Pichler
|
| 260 |
|
|
|a Praha :
|b Národní galerie,
|c 1994
|
| 300 |
|
|
|a 1 slož. list
|
| 500 |
|
|
|a Překl. z češ.
|
| 648 |
|
7 |
|a 1890-1918
|7 ch460673
|2 czenas
|
| 648 |
|
7 |
|a 19.-20. století
|7 ch757015
|2 czenas
|
| 650 |
0 |
7 |
|a české výtvarné umění
|7 ph116865
|y 19.-20. století
|2 czenas
|
| 650 |
0 |
7 |
|a moderní umění
|7 ph115340
|z Česko
|2 czenas
|
| 650 |
0 |
9 |
|a Czech art
|y 19th-20th centuries
|2 eczenas
|
| 650 |
0 |
9 |
|a modern art
|z Czechia
|2 eczenas
|
| 655 |
|
7 |
|a katalogy výstav
|7 fd132536
|2 czenas
|
| 655 |
|
9 |
|a exhibition catalogs
|2 eczenas
|
| 700 |
1 |
|
|a Pichler, Cathrin,
|d 1946-2012
|7 mzk2014852917
|
| 910 |
|
|
|a BOA001
|b X-0997.827
|
| 990 |
|
|
|a BK
|
| 996 |
7 |
|
|b 2610007275
|c X-0997.827
|l MZK
|r Sklad / do 24 hodin
|n 0
|p p.v.
|w 000008316
|u 000010
|a 1
|e BOA001
|j MZK50
|s A
|